000 00871cab a2200217 4500
001 ABS39501
008 090401t1988 xxu||||| |||| 00| 0 eng d
035 _a(Sirsi) u17194
041 _aeng
100 _aWright, J.
245 4 _aThe plain fellow`s guide to geographic information systems
260 _c1988
350 _a0
490 _aGeographical Journal
_v154(2) July 1988, 161-168(8)
520 _aThis article which attempts to explain geographic information systems in simple terms was requested as an account of a meeting at the Society in December 1987. Describes the background to GIS and goes on to outline the major sources of geographic information, highlighting some of the problems which can arise in using them.
650 _aDIGITAL MAPPING
650 _aLOCAL AUTHORITIES
690 _aLAND SURVEYING
942 _n0
948 _c04/03/1997
999 _c11402
_d11402